Perrault, Grimm ou Andersen ? - Statistiques

Statistiques générales
  • Ce quiz a été pris 22 fois
  • Le résultat moyen est 13 sur 24
Statistiques - réponses
Hint Explanation Réponse % Correct
Hansel et Gretel Grimm
87%
Peau d'Âne Perrault
87%
Le Petit Chaperon rouge (repris par Grimm) Perrault
87%
La Petite Fille aux allumettes Andersen
80%
Les Musiciens de Brême Grimm
73%
La Belle au bois dormant (repris par Grimm) Perrault
73%
La Barbe bleue Perrault
73%
Le Vilain Petit Canard Andersen
67%
Cendrillon ou la Petite Pantoufle de verre (repris par Grimm) Perrault
67%
Le Petit Poucet Perrault
67%
Bernard et Bianca : les Sauveteurs Margery Sharp Quelqu'un d'autre
67%
La Reine des neiges Andersen
60%
Raiponce Grimm
60%
La Sorcière du placard à balais Pierre Gripari Quelqu'un d'autre
53%
La Chèvre de monsieur Seguin Alphonse Daudet Quelqu'un d'autre
47%
La source aux fleurs de pêcher Tao Yuanming Quelqu'un d'autre
47%
La Princesse au petit pois Andersen
40%
Les Habits neufs de l'Empereur Andersen
40%
Le Loup et l'agneau Jean de La Fontaine Quelqu'un d'autre
40%
Blanche-Neige et Rose-Rouge Grimm
33%
La Belle et la Bête Gabrielle-Suzanne de Villeneuve,
puis Jeanne-Marie Leprince de Beaumont
Quelqu'un d'autre
33%
Blanche Neige Grimm
27%
Le Loup et les sept chevreaux Grimm
20%
La Princesse et le porcher Andersen
13%
Aucun quiz correspondant
Distribution des résultats
% des personnes avec chaque résultat
Percentile par nombre de réponses
Votre historique - résultats
Vous n’avez pas pris ce quiz